| 000 | 00784nam a22002177a 4500 | ||
|---|---|---|---|
| 005 | 20251108172506.0 | ||
| 008 | 250721s2001 xx 000 0 ara d | ||
| 082 | 1 | 4 | _a327.2منص |
| 100 | 1 | _aمنصور، ممدوح | |
| 245 | 1 | 0 | _aالتاريخ الدبلوماسي: العلاقات السياسية بين القوىالكبرى1815-1991 / |
| 264 | 1 |
_aالإسكندرية : _bدار الجامعة الجديدة للنشر، _c2001. |
|
| 300 | _a286ص. | ||
| 650 | 1 | 7 | _aالدبلوماسية |
| 650 | 1 | 7 | _aالتاريخ الدبلوماسي |
| 650 | 1 | 7 | _aالعلاقاتالدولية |
| 650 | 1 | 7 | _aالسياسة الدولية |
| 650 | 1 | 7 | _aالقوى العظمى |
| 700 | 1 |
_aوهبان، أحمد _eمؤلف مشارك |
|
| 942 |
_2ddc _cBK |
||
| 999 |
_c80737 _d80737 |
||